Word Ladder: Chris Martin Camping? Quiz Stats

Quiz Updated Jan 3, 2018

Challenge
Share
Tweet
Embed
Score 0/24 Timer 03:00
0 Plays Today
Clue 4-Letter Word % Correct
Alternative to Google or Yahoo for looking up things on the internetBING
96.4%
Low sound from a big bellBONG
95.1%
Typeface with thick heavy linesBOLD
94.9%
Homer's boy on 'The Simpsons'BART
94.2%
Material for ceramicsCLAY
93.8%
Outer part of a tree; dog's callBARK
93.8%
Ernie's 'Sesame Street' buddyBERT
93.2%
🖇 Freeza's father in 'Dragon Ball': [1] [6] 🖇
Not warm
🖇 'Parachutes' = This band's debut album: [6][13] 🖇
🖇 COLD 🖇
92.8%
Ornithologist James of whom famed author Ian Fleming was a fanBOND
92.4%
Revolver innovator SamuelCOLT
91.1%
🖇 'Parachutes' = This band's debut album: [6][13] 🖇
Engage in games
🖇 A recording that is heard or seen again: [13][23] 🖇
🖇 PLAY 🖇
90.8%
Burrowing marine molluscCLAM
90.8%
Clue 4-Letter Word % Correct
Close with a bangSLAM
89.1%
🖇 Bag for carrying things aka 'rucksack': [23][24] 🖇
Prepare for a trip
🖇 PACK 🖇
85.1%
A strange and usually old manCOOT
84.6%
🖇 A recording that is heard or seen again: [13][23] 🖇
Reverse side
🖇 Bag for carrying things aka 'rucksack': [23][24] 🖇
🖇 BACK 🖇
84.5%
Throw out unceremoniously; footwearBOOT
83.9%
Cook up a conspiracyPLOT
82.2%
Devious maneuverPLOY
81.8%
Turned-up edge on clothSEAM
80.8%
Male monarch
🖇 Freeza's father in 'Dragon Ball': [1] [6] 🖇
🖇 KING 🖇
79.9%
Reputation blemishBLOT
79.1%
Grin from ear to ear; large length of timberBEAM
78.3%
Highway noise barrierBERM
77.2%

Today's Daily Dose

You're not logged in!

Compare scores with friends on all Sporcle quizzes.
Sign Up with Email
OR
Log In

You Might Also Like...

Show Comments

Extras

Top Quizzes Today


Score Distribution

Your Account Isn't Verified!

In order to create a playlist on Sporcle, you need to verify the email address you used during registration. Go to your Sporcle Settings to finish the process.